=LDR 00000nam 2200000 4500 =001 INLIS000000000028837 =005 20201112014104 =035 ##$$a 0010-061300000028837 =008 201112################g##########0#ind## =041 ##$$a Ind =082 ##$$a 322.42 =090 ##$$a 322.42, Atm p =100 ##$$a Atmowiloto, Arswendo =245 1#$$a Penghianatan G30S/PKI, : $b inovelkan oleh Arswendo Atmowiloto dari judul film yang sama dari skenario Arifin C. Noer, produksi PPFN /$c Arswendo Atmowiloto =260 ##$$a Jakarta :$b Pustaka Sinar Harapan,$c 1994 =300 ##$$a 281 hlm. : $b ilus ; $c 20 x 14 cm. =650 #4$$a Politik - Penghianatan PKI =850 ##$$a NBPNMAT =084 ##$$a 322.42 ATM p =250 ##$$a cet. 3 =520 ##$$a Biografi hlm. 281 =990 ##$$a 0001/BPAP-NTB/2015 =990 ##$$a 122.750/pro-97